000 00298nam a2200109Ia 4500
008 160531s9999 xx 000 0 und d
100 _aPeter Rodman.
245 _aTaxation and Representation?
245 _cby Peter Rodman
260 _c2015
856 _uhttp://www.smashwords.com/books/view/581067
999 _c295028
_d295028